Guess the Artist of Album Covers #2 - Statistics

General Stats
  • This quiz has been taken 184 times
  • The average score is 9 of 16
Answer Stats
Picture Answer % Correct
Taylor Swift
97%
Adele
96%
Nirvana
94%
Katy Perry
91%
Billie Eilish
86%
Pink Floyd
84%
Kanye West
72%
Eminem
58%
Twenty One Pilots
46%
Billy Joel
43%
Linkin Park
42%
Green Day
35%
Playboi Carti
31%
Noah Kahan
27%
The Goo Goo Dolls
26%
JVKE
9%
No matching quizzes found
Score Distribution
Percent of People with Each Score
Percentile by Number Answered
Your Score History
You have not taken this quiz